[Event "Aimchess US Rapid Prelims 2021"]
[Site "Chess24"]
[Date "2021.08.25"]
[Round "14.1"]
[White "Duda, Jan-Krzysztof"]
[Black "Vachier-Lagrave, Maxime"]
[Result "1-0"]
[WhiteElo "2738"]
[BlackElo "2751"]
[Annotator "TA"]
[PlyCount "41"]
[EventDate "2021.08.28"]
[EventType "tourn"]
[EventCountry "NET"]
[Tiebreak "Direct encounter+Number of wins+Koya"]
[SourceTitle "playchess.com"]
[Source "ChessBase"]
[SourceQuality "1"]

{[%evp 14,41,22,12,38,0,0,0,0,-5,2,-8,-12,0,59,60,88,89,180,145,432,434,431,
393,411,406,576,581,755,754]} 1. d4 Nf6 2. c4 g6 3. g3 c6 4. Bg2 d5 5. Nf3 Bg7
6. b3 O-O 7. Bb2 a5 8. O-O b5 {D78: Fianchetto Grünfeld: 6 0-0 c6.} 9. cxb5
cxb5 10. Nc3 {[%cal Bb1c3,Bc3d5,Bd5e3,Be3c2][%mdl 32]} Ba6 {The position is
equal.} 11. Ne5 {[#]} e6 $146 ({Predecessor:} 11... Qd6 12. Re1 b4 13. Na4 Nbd7
14. a3 Bb5 15. axb4 axb4 16. Nxd7 Nxd7 17. Nc5 Rxa1 18. Qxa1 Bxd4 19. Bxd4 Nxc5
{1/2-1/2 (54) Egartner,W (2128)-Fuchs,G (2281) Austria 2004}) 12. Qd2 Nfd7 13.
f4 f6 (13... Nxe5 $11 14. dxe5 (14. fxe5 Nd7 $11) 14... Qb6+ 15. Kh1 Rd8) 14.
Nd3 $14 {Black must now prevent f5!} f5 15. Nxd5 $1 {[#] Strongly threatening
Ne7+!} Nc6 (15... Ra7 $16) 16. Ne3 $36 {[%mdl 2048] White is on the roll.} Nxd4
{[%mdl 8192] Loses the game.} (16... Rc8 $16 17. Rfd1 Ncb8) 17. Bxa8 $18 Qxa8
18. Nf2 Rd8 19. Bxd4 Nc5 (19... Nb8 $142 20. Nc2 (20. Qxa5 Nc6 $18) 20... Nc6)
20. Nc2 Ne4 21. Qe3 {Weighted Error Value: White=0.08/Black=0.56} 1-0

[Event "Aimchess US Rapid Prelims 2021"]
[Site "Chess24"]
[Date "2021.08.25"]
[Round "14.2"]
[White "Dominguez Perez, Leinier"]
[Black "Hansen, Eric"]
[Result "1-0"]
[WhiteElo "2758"]
[BlackElo "2606"]
[Annotator "TA"]
[PlyCount "91"]
[EventDate "2021.08.28"]
[EventType "tourn"]
[EventCountry "NET"]
[Tiebreak "Direct encounter+Number of wins+Koya"]
[SourceTitle "playchess.com"]
[Source "ChessBase"]
[SourceQuality "1"]

{[%evp 12,91,16,7,11,18,21,10,30,17,16,9,29,0,0,0,8,6,41,32,65,70,72,69,79,69,
66,67,72,66,62,62,110,131,291,281,422,214,303,300,289,289,295,301,295,293,291,
279,250,104,183,186,178,26,619,619,590,601,490,302,305,197,190,185,198,194,193,
179,213,208,198,190,218,210,207,202,250,231,645,638,737,726]} 1. e4 e5 2. Nf3
Nc6 3. Bc4 Bc5 4. c3 Nf6 5. d3 d6 6. O-O O-O 7. Re1 a6 {C54: Giuoco Piano: 4
c3 Nf6, main lines with 5 d4 and 5 d3.} 8. a4 {is cutting edge theory.} Ne7 9.
d4 Ba7 {The position is equal.} 10. h3 Ng6 11. Bd3 Re8 12. Nbd2 {[%cal Bb1d2,
Bd2f1,Bf1g3,Bg3h5][%mdl 32] [#]} Nh5 $146 ({Predecessor:} 12... Be6 13. Nf1 Nh5
14. Ng3 Nxg3 15. fxg3 exd4 16. cxd4 c5 17. Be3 cxd4 18. Nxd4 Qf6 19. Nxe6 Bxe3+
20. Rxe3 Qxe6 {1/2-1/2 (30) Bosnjak,P (2265)-Rade,M (2390) Mali Losinj 2019})
13. Nf1 Nhf4 14. Bc2 Qf6 15. Ng3 Be6 {[#]} 16. Nh5 $1 Qe7 (16... Nxh5 $2 17.
Bg5 $18) 17. Bxf4 Nxf4 18. Nxf4 exf4 19. Qd2 Qf6 $1 20. e5 $36 {[%mdl 2048]
White has good play.} dxe5 21. Rxe5 h6 22. Rae1 Rad8 $2 (22... c6 $16 {is a
better defense.} 23. Qd3 g6) 23. R1e4 $1 $18 g5 {[#]} (23... Qe7 $142 24. Bb3 (
24. Qxf4 c6 $14) (24. Rxf4 Rd5 $18) 24... c6 25. Bxe6 (25. Qxf4 Bb8 $14) 25...
fxe6) 24. Bb3 $1 {[%mdl 512]} Bd7 (24... c6 $142) 25. h4 {[%cal Rh4g5]} Rxe5
26. Nxe5 Be6 27. hxg5 hxg5 28. Bxe6 Qxe6 29. Qe2 Qf5 {[#]} 30. Nd3 (30. Qh5 $1
$18 {[%mdl 512] is the precise move to win.}) 30... Kg7 (30... Kf8 $16) 31. Re5
Qg6 32. Qg4 $2 f6 $2 {[%mdl 8192]} (32... Qxd3 $11 33. Rxg5+ (33. Qxg5+ Qg6 $11
) 33... Kf8) 33. Re7+ {[%mdl 64] Double Attack} Kf8 34. Rxc7 Bb8 35. Rc8 Ke7
36. Qe2+ Kd7 {[#]} 37. Rxd8+ Kxd8 38. f3 Bd6 39. Kf1 Qh7 40. Ke1 Qd7 41. b3 Qc6
42. Kd2 Qd5 43. Kc2 f5 44. Ne5 b5 $2 (44... Bc7 45. Qd3 Qe6) 45. c4 bxc4 46.
Qxc4 {Weighted Error Value: White=0.26/Black=0.44} 1-0

[Event "Aimchess US Rapid Prelims 2021"]
[Site "Chess24"]
[Date "2021.08.25"]
[Round "14.3"]
[White "Mamedyarov, Shakhriyar"]
[Black "Naroditsky, Daniel"]
[Result "1-0"]
[WhiteElo "2782"]
[BlackElo "2623"]
[Annotator "TA"]
[PlyCount "97"]
[EventDate "2021.08.28"]
[EventType "tourn"]
[EventCountry "NET"]
[Tiebreak "Direct encounter+Number of wins+Koya"]
[SourceTitle "playchess.com"]
[Source "ChessBase"]
[SourceQuality "1"]

{[%evp 18,97,26,26,38,0,6,0,0,-9,10,0,39,33,36,25,25,17,24,21,24,22,38,23,26,
15,35,5,59,57,38,60,52,43,64,44,52,51,111,110,110,59,67,54,94,61,75,67,77,77,
73,54,76,69,74,78,77,74,83,83,81,57,56,59,74,84,228,238,218,200,252,241,277,
250,510,509,497,487,29972,29973,29982,29983]} 1. d4 Nf6 2. Nf3 g6 3. g3 Bg7 4.
Bg2 O-O 5. O-O d6 6. Re1 Nbd7 7. e4 e5 8. Nc3 c6 9. a4 a5 10. h3 Re8 {B07:
Pirc Defence: Miscellaneous Systems.} 11. dxe5 dxe5 12. Be3 Qc7 {[#] The
position is equal.} 13. Qe2 $146 ({Predecessor:} 13. Nd2 b6 14. Nc4 Ba6 15. Bf1
Bf8 16. Qf3 Kg7 17. Rad1 Bc5 18. Rd2 Bxc4 19. Bxc4 Bxe3 20. Qxe3 {1/2-1/2 (49)
Sredojevic,I (2387)-Rahul,S (2317) Backi Petrovac 2018}) 13... Nb6 14. Rad1
Nfd7 15. b3 Bf8 16. Nd2 Bc5 17. Na2 {[%cal Bc3a2,Ba2c1,Bc1d3][%mdl 32]} Bxe3
18. Qxe3 Qd6 19. Nc1 Qc5 20. Nd3 Qxe3 21. Rxe3 Nf8 22. f4 f6 (22... exf4 $11
23. gxf4 (23. Nxf4 Ne6 $11) 23... Ne6) 23. fxe5 $14 fxe5 24. Nf3 Nbd7 25. h4 b5
26. Ra1 Bb7 27. Bh3 bxa4 (27... Re7 $14) 28. Rxa4 $16 c5 29. Ra1 ({White
should play} 29. Rc4 $16) 29... Bc6 $14 30. Nb2 Nb6 31. Rc3 Bxe4 {[#] Hoping
for ...Nd5.} 32. Nd2 Bf5 33. Bxf5 gxf5 34. Rxc5 Rec8 35. Rxc8 Rxc8 36. Ndc4
Nxc4 37. Nxc4 $16 {[%mdl 4096] Endgame KRN-KRN} Ne6 38. Rxa5 Nd4 39. Ra2 f4 40.
Kf2 fxg3+ 41. Kxg3 e4 {Loses the game.} (41... Kg7 $16 {is a better defense.})
42. Kf4 $18 Re8 43. Nd6 Rd8 44. Nxe4 Rc8 45. Ra7 {Black must now prevent Nf6+.}
h6 $2 (45... Rf8+ 46. Kg5 Rf5+ 47. Kh6 Rf4) 46. Nf6+ Kf8 47. c4 Nxb3 {[#]} (
47... Rd8 $18 48. Rb7 Nc6) 48. Kf5 $1 Rxc4 49. Kg6 {[%csl Gg6][%cal Ra7f7]
Weighted Error Value: White=0.07/Black=0.41} 1-0

[Event "Aimchess US Rapid Prelims 2021"]
[Site "Chess24"]
[Date "2021.08.25"]
[Round "14.4"]
[White "Artemiev, Vladislav"]
[Black "Firouzja, Alireza"]
[Result "1/2-1/2"]
[WhiteElo "2704"]
[BlackElo "2759"]
[Annotator "TA"]
[PlyCount "111"]
[EventDate "2021.08.28"]
[EventType "tourn"]
[EventCountry "NET"]
[Tiebreak "Direct encounter+Number of wins+Koya"]
[SourceTitle "playchess.com"]
[Source "ChessBase"]
[SourceQuality "1"]

{[%evp 19,111,12,15,5,4,12,6,6,3,3,4,3,5,6,7,18,12,9,15,5,19,23,23,23,19,37,47,
18,19,19,19,19,19,19,19,19,19,19,19,19,19,19,19,19,19,19,19,19,19,19,19,19,19,
19,19,17,19,19,19,17,19,19,19,19,19,17,19,19,19,17,19,10,10,10,10,10,10,10,10,
10,10,11,11,10,10,10,10,10,10,0,10,0,10,0]} 1. Nf3 d5 2. e3 Nf6 3. c4 e6 4. Nc3
Be7 5. b3 O-O 6. Bb2 c5 7. cxd5 exd5 8. d4 Nc6 9. Be2 Ne4 10. O-O Bf6 11. Rc1 {
D32: Tarrasch Defence: Sidelines and lines without g3.} cxd4 $1 12. Nxe4 dxe4
13. Nxd4 Nxd4 14. Bxd4 Bxd4 15. Qxd4 Qxd4 16. exd4 Rd8 17. Rfd1 Be6 {[#]} 18.
f3 $146 ({Predecessor:} 18. Rc7 Rd7 19. Rxd7 Bxd7 20. f3 exf3 21. Bxf3 Rb8 22.
Rc1 Rc8 23. Rxc8+ Bxc8 24. Kf2 {1/2-1/2 (69) Artemiev,V (2716)-Duda,J (2753)
chess24.com INT 2020}) 18... Bd5 19. Rc7 Rac8 20. Rdc1 Rxc7 21. Rxc7 $11 {
[%mdl 4096] Endgame KRB-KRB} e3 22. Kf1 g6 23. Bd3 Bc6 {The position is equal.}
24. Ke2 Rxd4 25. Kxe3 Rd7 26. Rxd7 Bxd7 {KB-KB} 27. Be4 b6 28. Kd4 Kf8 29. Kd5
Ke7 30. f4 h6 31. Bd3 Be8 32. b4 Bd7 33. a3 {[%cal Ba2a3,Ba3a4,Ba4a5][%mdl 32]}
Be8 34. h4 Bd7 35. Bc2 Bb5 36. g3 Bd7 37. a4 Be8 38. a5 Bb5 39. Be4 Bd7 40. Bd3
Be8 41. Ba6 Bd7 42. Bb7 Ba4 43. Bc8 Bb5 44. Bg4 Ba4 45. h5 gxh5 46. Bxh5 f6 47.
Be2 Be8 48. Bd3 Bd7 49. Bg6 Ba4 50. Bf5 Be8 51. axb6 axb6 52. Bd3 Bd7 53. Bc2
Be8 54. Bd3 Bd7 55. Bc2 Be8 56. Bd3 {Weighted Error Value: White=0.02/Black=0.
01} 1/2-1/2

[Event "Aimchess US Rapid Prelims 2021"]
[Site "Chess24"]
[Date "2021.08.25"]
[Round "14.5"]
[White "Giri, Anish"]
[Black "Le, Quang Liem"]
[Result "1/2-1/2"]
[WhiteElo "2776"]
[BlackElo "2709"]
[Annotator "TA"]
[PlyCount "112"]
[EventDate "2021.08.28"]
[EventType "tourn"]
[EventCountry "NET"]
[Tiebreak "Direct encounter+Number of wins+Koya"]
[SourceTitle "playchess.com"]
[Source "ChessBase"]
[SourceQuality "1"]

{[%evp 9,112,14,9,14,21,1,2,12,1,0,0,10,28,0,0,12,6,0,0,0,0,-7,0,0,0,0,0,0,0,0,
0,0,0,0,0,7,25,14,31,38,22,21,90,90,87,97,87,91,87,69,58,14,14,14,14,14,14,14,
14,14,82,2,2,2,2,2,2,2,2,2,2,2,2,2,2,2,2,2,2,2,2,0,2,2,2,2,2,2,8,8,16,16,31,0,
0,0,0,0,0,0,0,0,0,0,0]} 1. d4 Nf6 2. c4 e6 3. Nf3 d5 4. Nc3 a6 5. c5 b6 6. cxb6
$1 {D37: Queen's Gambit Declined: 5 Bf4.} c5 7. Bf4 {Hoping for Bc7.} Bd6 8.
Bxd6 Qxd6 9. dxc5 Qxc5 10. Qd4 {[#]} Qd6 $146 ({Predecessor:} 10... Qxd4 11.
Nxd4 e5 12. Nf3 d4 13. Na4 Nbd7 14. g3 Bb7 15. Bg2 Rb8 16. Rc1 O-O {1-0 (46)
Mishra,A (2354)-Sarkar,J (2366) Charlotte 2021}) 11. e3 (11. e4 $5 {[%cal
Re4e5]} Nc6 12. Qd2 $11) 11... O-O 12. Be2 Nbd7 13. O-O e5 14. Qd2 Nxb6 15. b3
Bb7 16. Rfd1 Rfe8 17. Rac1 h6 18. h3 Rad8 19. Qb2 Qe7 20. Na4 Nxa4 21. bxa4 Rd7
22. a5 Qd6 23. Rc2 d4 24. exd4 Bxf3 25. Bxf3 {[#] Strongly threatening Rc6.}
Rb8 (25... e4 $11 26. Be2 Nd5) 26. Qc1 $16 exd4 27. Rc6 Qb4 28. Rxa6 d3 29. Qd2
Qd4 30. Ra8 Rxa8 31. Bxa8 Ne4 32. Bxe4 Qxe4 33. Qe3 Qxe3 34. fxe3 $11 {[%mdl
4096] Endgame KR-KR} Kf8 (34... Ra7 $11 {keeps the balance.}) 35. a3 (35. a4
$16) 35... d2 36. Kf2 Rd5 37. a6 Ke7 38. Ke2 Ra5 39. Ra1 Rxa6 40. Kxd2 Rg6 41.
g4 h5 $1 42. Rg1 Ra6 43. gxh5 {[%mdl 64] [#] Discovered Attack} Rxa3 44. Rxg7 {
next Rg4 is good for White.} Ra5 45. h4 Rxh5 46. Rg4 Ke6 47. Ke2 f6 48. Kf3 Rh8
49. Kg3 Kf7 50. Rf4 Re8 51. e4 Kg6 {The position is equal.} 52. Kg4 Re5 53. h5+
Rxh5 54. Rxf6+ Kxf6 55. Kxh5 Ke5 56. Kg4 Kxe4 {Weighted Error Value: White=0.
07/Black=0.06} 1/2-1/2

[Event "Aimchess US Rapid Prelims 2021"]
[Site "Chess24"]
[Date "2021.08.25"]
[Round "14.6"]
[White "Liang, Awonder"]
[Black "Vidit, Santosh Gujrathi"]
[Result "1/2-1/2"]
[WhiteElo "2587"]
[BlackElo "2726"]
[Annotator "TA"]
[PlyCount "317"]
[EventDate "2021.08.28"]
[EventType "tourn"]
[EventCountry "NET"]
[Tiebreak "Direct encounter+Number of wins+Koya"]
[SourceTitle "playchess.com"]
[Source "ChessBase"]
[SourceQuality "1"]

{[%evp 18,317,-10,-11,0,-2,22,17,22,0,0,0,2,7,0,-25,0,-4,-13,-5,26,32,28,22,18,
22,45,13,32,30,30,27,12,0,94,0,0,0,0,0,0,0,0,0,0,0,0,0,0,-20,-11,-22,-22,-53,
-54,-54,-47,-56,-68,-61,-61,-109,-94,-159,-70,-145,-88,-78,-74,-79,-35,-42,-28,
-58,-32,-32,-33,-37,-32,-53,-53,-227,-227,-227,-227,-220,-220,-220,0,0,0,-44,
-44,-44,-44,-44,-44,-2815,-2709,-2716,-2709,-2702,0,-2695,-924,-917,-899,-884,
-855,-763,-666,-567,0,-640,-44,-44,-44,-44,-44,-44,-44,-44,-44,-44,-44,-216,
-216,-216,-215,-1981,-888,-940,-44,-44,-44,-44,-44,-44,-44,-44,-44,-44,-44,-44,
-44,-1241,-585,-730,-566,-589,-566,-566,-44,-44,0,-44,-44,-44,-44,-44,-44,-44,
-44,-44,-44,-44,-44,-44,-44,-44,-44,-44,0,-44,-44,-44,-44,-44,-44,-44,-44,-44,
-44,-7547,-7546,-7455,-7455,-7151,-6175,-11560,-6111,-11572,-500,-29947,-8185,
-29975,-29976,-29976,-29977,-29977,0,0,0,0,0,0,0,0,0,0,0,0,0,0,0,0,0,0,0,0,0,0,
0,0,0,0,0,0,0,0,0,0,0,0,0,0,0,0,0,0,0,0,0,0,0,0,0,0,0,0,0,0,0,0,0,0,0,0,0,0,0,
0,0,0,0,0,0,0,0,0,0,0,0,0,0,0,0,0,0,0,0,0,0,0,0,0,0,0,0,0,0,0,0,0,0,0,0,0,0,0,
0,0]} 1. Nf3 Nf6 2. c4 c5 3. Nc3 Nc6 4. g3 g6 5. Bg2 d6 6. b3 Bg7 7. Bb2 e5 8.
O-O O-O 9. Ne1 Be6 10. Nd5 Rb8 {A38: Symmetrical English vs ...g6: 4 Bg2 Bg7 5
Nf3 Nf6.} 11. Nc2 Ne7 {[%cal Rf6d5] [#]} 12. e4 $146 ({Predecessor:} 12. Nxf6+
Bxf6 13. Rc1 b5 14. Ne3 Bg7 15. Ba1 a5 16. Qc2 f5 17. d3 f4 18. Nd5 Bxd5 19.
cxd5 {0-1 (29) Keymer,V (2591)-Martirosyan,H (2632) Chess.com INT 2021}) 12...
b5 {White should prevent ...bxc4.} 13. d3 bxc4 14. dxc4 Nc6 15. f4 Nd4 16. Kh1
Nd7 17. Nce3 exf4 18. gxf4 Qh4 19. Qe1 Qxe1 20. Raxe1 Rfe8 21. Nc7 Rec8 22.
Nxe6 (22. Ned5 {is interesting.} Bxd5 23. Nxd5 Re8 24. Rd1 Nc2 25. Bc1) 22...
Nxe6 23. Bxg7 Kxg7 24. Bh3 Rd8 25. Nd5 Nb6 (25... Nd4 $11 {keeps the balance.})
26. f5 (26. Bxe6 $16 fxe6 27. Nc7) 26... Nd4 $11 27. f6+ Kf8 28. Ne7 Nd7 29.
Bxd7 Rxd7 30. e5 a5 31. Nd5 Ne6 32. Rf3 h5 33. exd6 Rxd6 34. Kg2 Ra8 35. Rfe3
a4 36. Kg3 axb3 37. axb3 Kg8 38. Re5 Kh7 39. R1e3 Rb8 40. Kf2 (40. h4 $142)
40... Rb7 (40... Ra6 $1 $17 41. Rd3 Ra3) 41. Ke1 (41. h4 $15) 41... Ra7 (41...
Ra6 $142 42. Rf3 Rb8) 42. Kf2 $17 Kh6 43. h4 Nc7 44. Re7 Nxd5 45. Rxa7 Nxe3 46.
Kxe3 Rxf6 $15 {[%mdl 4096] Endgame KR-KR} 47. Ra5 $1 {[%cal Ra5c5]} Rf5 48. b4
cxb4 {[%mdl 64] Discovered Attack} 49. Rxf5 ({White should try} 49. Rb5 $15)
49... gxf5 {KP-KP} 50. c5 b3 51. Kd2 f4 52. c6 f3 $2 ({Better is} 52... b2 $19
53. Kc2 f3) 53. c7 $11 f2 54. Ke2 (54. c8=Q {with more complications.} f1=Q 55.
Qh8+ Kg6 56. Qg8+ Kf6 57. Qg5+) 54... b2 55. c8=Q {White wants to mate with
Qh8+.} f1=Q+ {[%mdl 64] Decoy} 56. Kxf1 {Threatening mate with Qh8+.} b1=Q+ $15
{KQ-KQ} 57. Kg2 $2 {[%mdl 8192]} (57. Kf2 $15) 57... Qe4+ $19 58. Kg3 Qe5+ 59.
Kg2 Qe4+ 60. Kg3 Kg7 (60... Qe3+ $142 61. Kg2 Qe4+) 61. Qc3+ Kg6 62. Qc8 Qe5+
63. Kg2 Qd5+ 64. Kg3 Qe5+ 65. Kg2 Kg7 $2 (65... Qe2+ $1 $19 66. Kg3 Qd3+ 67.
Kf4 Qd4+ 68. Kg3 Kg7) 66. Qc4 $15 Qe3 67. Qb4 Kg6 {Hoping for ...Kf5.} 68. Qc4
Qe6 (68... Kf6 {feels hotter.} 69. Kh2 Qe6 70. Qf4+ Kg7 71. Qg5+ Qg6) 69. Qc2+
Qf5 70. Qc6+ Kh7 71. Qc7 $2 ({Only move:} 71. Qb7 $1 $15) 71... Qg4+ 72. Kf1
Qf3+ $1 ({Inferior is} 72... Qxh4 73. Qxf7+ Kh8 74. Qf8+ Kh7 75. Qf7+ Kh8 76.
Qf8+ Kh7 77. Qf7+ $11) 73. Kg1 $2 (73. Ke1) 73... Kg6 $1 $19 74. Qd8 Qg4+ $2 (
74... f6 $1 $19 75. Qg8+ Kf5) 75. Kh2 Kg7 76. Qe7 Qf4+ 77. Kg2 Qf6 (77... Kg6 {
is more complex.} 78. Qe8 Qf6 79. Qg8+ Kh6 80. Qe8 Kg7) 78. Qb4 Qf5 79. Kg3
Qd3+ (79... Qe5+ {seems wilder.} 80. Kh3 f6 81. Kg2 Qd5+ 82. Kg3 Qd3+) 80. Kg2
Kg6 81. Qf8 $2 {[%mdl 8192]} (81. Qa4 $15) 81... Qe4+ (81... Qe2+ $142 82. Kh1
f6) 82. Kg1 Qg4+ 83. Kf1 {intending Qg8+.} Qf3+ 84. Kg1 Qe3+ $2 (84... f6 $1
$19 85. Qg8+ Kf5) 85. Kf1 $15 Qd3+ (85... Qe5 {looks sharper.} 86. Qg8+ Qg7 87.
Qa8 Qf6+ 88. Kg2 Kg7) 86. Kg1 Qd4+ {[%mdl 64] Double Attack} 87. Kg2 $1 Qg7 88.
Qc5 Kh6+ 89. Kh2 Qf6 90. Qc1+ Kg7 91. Qg1+ Kh7 92. Qb1+ Qg6 93. Qb4 Qg4 94. Qe7
Kg6 95. Qd8 $1 Qf4+ 96. Kg2 Qe4+ 97. Kh2 Qe5+ (97... Kg7 {looks sharper.} 98.
Qg5+ Qg6 99. Qe7 Qf6 100. Qe4 Qd6+) 98. Kg2 f6 (98... Qf6 {looks sharper.} 99.
Qg8+ Kh6 100. Qg3 Qg6 101. Kh1 Qe4+) 99. Qg8+ Kf5 100. Qc8+ $2 {[%mdl 8192]} (
100. Qg7 $15) 100... Kf4 $19 101. Qc1+ {[#]} Kg4 $1 102. Qc4+ Qf4 103. Qc8+
Kxh4 104. Qh3+ Kg5 105. Qc3 (105. Qd3 $19) 105... h4 (105... Qe4+ $142 106. Kg1
h4 107. Qd2+ Kg4 108. Qd8 h3 109. Qd1+ Kg3 110. Qb3+ Kg4 111. Qd1+ Kf4 112.
Qd6+ Qe5 113. Qc6 Qe3+ 114. Kh2 Qg3+ 115. Kh1 Qf3+ 116. Qxf3+ Kxf3 117. Kh2 Kg4
118. Kg1 f5 119. Kf2 f4 120. Kf1 f3 121. Kg1 Kf4 122. Kf1 Ke3 123. Kg1 f2+ 124.
Kf1 h2 125. Kg2 h1=R {[%mdl 64] Deflection, Promotion} 126. Kxh1 Kf3 127. Kh2
f1=R 128. Kh3 Rh1#) 106. Qd3 h3+ 107. Qxh3 Qg4+ 108. Qg3 {[#]} Kf5 $2 (108...
Kh5 $1 {mates} 109. Kh1 Qh4+ 110. Kg2 Qxg3+ 111. Kxg3 Kg5 112. Kf3 Kf5 113. Kg3
Ke4 114. Kf2 Kf4 115. Kg2 Ke3 116. Kg3 f5 117. Kg2 f4 118. Kf1 Kf3 119. Ke1 Kg2
120. Ke2 f3+ 121. Ke3 f2 122. Kf4 f1=Q+ 123. Ke5 Qb5+ 124. Ke6 Kf3 125. Kd6 Ke4
126. Ke6 Qc6+ 127. Kf7 Kf5 128. Kg8 Kf6 129. Kh7 Qd7+ 130. Kh8 Qg7#) 109. Kh1
$1 $11 {The position is equal.} Qe4+ (109... Qd1+ {seems wilder.} 110. Kg2 Qd2+
111. Kh1 Qd5+ 112. Kg1 Qd4+) 110. Kg1 Qd4+ ({Much less strong is} 110... Qg4
111. Kh1 $15) (110... Qb1+ {keeps more tension.} 111. Kf2 Qb2+ 112. Kf1 Qb5+
113. Kg1 Qc5+) 111. Kg2 Qd2+ ({Don't do} 111... Qg4 112. Kh1 $17) 112. Kg1 Ke4
(112... Qg5 {is more complex.} 113. Kh1 Qg4 114. Qf2+ Qf4 115. Qc5+ Kg4) 113.
Qg4+ $1 Ke5 (113... Kd3 {is interesting.} 114. Qf5+ Kc4 115. Qxf6 Qe3+ 116. Kh2
Qe2+) 114. Qg3+ Ke4 115. Qg4+ Qf4 (115... Kd3 {looks sharper.} 116. Qf5+ Kc4
117. Qf1+ Kb4 118. Qxf6 Qe1+) 116. Qg2+ Qf3 117. Qc2+ Kf4 (117... Ke3 {is more
complex.} 118. Qb3+ Ke2 119. Qc2+ Ke1 120. Qc1+ Ke2) 118. Qc7+ Kg4 119. Qg7+ (
119. Qc8+ {is interesting.} Kg3 120. Qc7+ Kg4) 119... Kf5 120. Qd7+ Kf4 121.
Qc7+ Kg4 122. Qg7+ Kh3 123. Qh6+ Kg3 {[%csl Gg3][%cal Rf3g2]} 124. Qg6+ Qg4
125. Qd3+ Kf4+ 126. Kf2 Qh4+ 127. Kf1 Qh1+ (127... Kg5 {is more complex.} 128.
Qd5+ Kh6 129. Qd2+ Qg5 130. Qh2+ Kg6) 128. Kf2 Qe4 (128... Qh2+ {looks sharper.
} 129. Kf1 Kg5 130. Qd5+ Kh6 131. Qe6 Qh4) 129. Qd6+ (129. Qg3+ {feels hotter.}
Kf5 130. Kg1) 129... Kg5 (129... Qe5 {seems wilder.} 130. Qa3 Qd4+ 131. Ke2
Qc4+ 132. Kf2 Qc2+) 130. Qc5+ Kh4 131. Qc7 Qf5+ (131... f5 {is interesting.}
132. Qh7+ Kg5 133. Qg7+ Kh5 134. Qh7+ Kg5) 132. Ke2 Kh3 {White must now
prevent ...Qe4+.} 133. Qc3+ Kg2 134. Qc6+ Kg3 {Threatens to win with ...Qf2+.}
135. Qc3+ Kg4 136. Qc4+ Qf4 137. Qg8+ Kh3 138. Qh7+ Kg3 {aiming for ...Qf2+.}
139. Qd3+ Kg4 (139... Kh4 {is interesting.} 140. Qh7+ Kg5 141. Qg8+ Kf5 142.
Qd5+ Qe5+) 140. Qg6+ Qg5 141. Qe4+ Qf4 142. Qg6+ Kh3 {...Qg4+ is the strong
threat.} (142... Qg5 {keeps more tension.}) 143. Qh7+ Kg2 144. Qg6+ Qg5 145.
Qe4+ Kh2 146. Qh7+ (146. Kf2 {keeps more tension.} Qg3+ 147. Ke2 Qg2+ 148. Ke3
Qg3+ 149. Ke2) 146... Kg3 147. Qd3+ Kh4 {And now ...Qg2+ would win.} 148. Qh7+
Kg4 (148... Kg3 {is interesting.}) 149. Qe4+ Kg3 (149... Qf4 {is more complex.}
) 150. Qd3+ Kf4 {Strongly threatening ...Qg2+.} (150... Kh4 {with more
complications.}) 151. Qf3+ (151. Qe3+ {looks sharper.} Kf5 152. Qf3+ Kg6 153.
Qe4+ Kh6 154. Kf3) 151... Ke5 152. Qe3+ Kf5 {( -> ...Qxe3+)} 153. Qd3+ Ke6 (
153... Kf4 $5 {[%cal Rg5g2]} 154. Qd4+ Kg3 155. Qg1+ Kh3 156. Qh1+ Kg3 157.
Qf3+ $11) 154. Qe4+ Kd6 (154... Kf7 {seems wilder.} 155. Kf3 Qh5+ 156. Kf2 Kg7
157. Qe7+) 155. Qd4+ Ke7 156. Qe3+ Kf7 157. Qxg5 fxg5 158. Kf3 g4+ 159. Kxg4 {
Black had all chances to win.  Weighted Error Value: White=0.31/Black=0.29}
1/2-1/2

[Event "Aimchess US Rapid Prelims 2021"]
[Site "Chess24"]
[Date "2021.08.25"]
[Round "14.8"]
[White "Van Foreest, Jorden"]
[Black "Carlsen, Magnus"]
[Result "1/2-1/2"]
[WhiteElo "2698"]
[BlackElo "2847"]
[Annotator "TA"]
[PlyCount "113"]
[EventDate "2021.08.28"]
[EventType "tourn"]
[EventCountry "NET"]
[Tiebreak "Direct encounter+Number of wins+Koya"]
[SourceTitle "playchess.com"]
[Source "ChessBase"]
[SourceQuality "1"]

{[%evp 13,113,17,14,4,0,0,0,0,0,0,0,0,0,0,0,0,0,0,0,0,0,0,0,0,12,0,0,-8,-4,-16,
-8,-8,-8,-8,-8,-14,-8,-16,0,0,0,-9,-6,0,0,-44,-28,-48,-6,-6,-10,-29,0,-2,-2,-2,
-4,-7,-7,-35,-8,-14,-8,-8,-8,-8,-3,-14,-11,-11,-8,-8,0,0,0,0,0,-35,-35,-35,-35,
-35,-35,-36,-30,-110,-72,-287,-287,-287,-287,-287,-287,-273,-272,-258,-8,-8,-8,
-8,0,-8]} 1. d4 d6 2. e4 g6 3. Nc3 c6 4. Nf3 Nf6 5. h3 Bg7 6. Bd3 O-O 7. O-O
Nbd7 8. Ne2 {8.e5 is setting a new trend. B08: Pirc Defence: Classical System.}
e5 9. c3 d5 10. Ng3 {[#]} dxe4 $146 ({Predecessor:} 10... exd4 11. Nxd4 Nc5 12.
e5 Nfe4 13. Bxe4 dxe4 14. Be3 Qe7 15. b4 Nd3 16. Nxe4 Nxe5 {0-1 (37)
Pruijssers,R (2508)-Sandipan,C (2575) Dieren 2017}) 11. Nxe4 Nxe4 12. Bxe4 exd4
13. Nxd4 Re8 14. Re1 Nb6 15. Bf4 Bxd4 16. cxd4 Be6 17. Qd2 Bd5 18. Bc2 f6 19.
b3 Qd7 20. a4 Be6 21. Bg3 Bf5 22. Rxe8+ Rxe8 23. Bd1 Nd5 24. Be2 Kg7 25. Bc4 g5
26. b4 a6 27. Bf1 b5 28. axb5 axb5 29. Rc1 h5 30. h4 gxh4 31. Bxh4 Re4 32. Bg3
Ne7 (32... h4 $5 {[%cal Rh4g3]} 33. Bh2 h3 $15) 33. Re1 Rxe1 34. Qxe1 Nd5 35.
f3 Kf7 36. Kh2 (36. Qd2 {is interesting.} Qe7 37. Be1 Bg6 38. Qe2 Qe6 39. Qd2)
36... Bg6 37. Kh1 (37. Kg1 {seems wilder.} Qe6 38. Qd2 Qe3+ 39. Qxe3 Nxe3 40.
Bf4) 37... Qe6 38. Kg1 Qe3+ (38... Qxe1 {is more complex.} 39. Bxe1 Ke6 40. Kf2
Bc2 41. Be2 Nf4) 39. Qxe3 Nxe3 $11 {[%mdl 4096] Endgame KBB-KBN} 40. Bf2 Nd5
41. Be1 $1 Ke6 42. Kf2 Nc7 43. Ke3 Kd5 44. g4 Ne6 45. Bc3 f5 46. gxh5 f4+ 47.
Kf2 Bxh5 48. Bd3 Nxd4 49. Be4+ (49. Bd2 $11 {remains equal.}) 49... Kc4 $17 50.
Bxd4 {[#]} (50. Bd2 $17) 50... Kxd4 $19 51. Bxc6 $17 {KB-KB} Kc4 52. Kg2 {
intending Kh3.} Kxb4 53. Kh3 Kc5 54. Bxb5 Kxb5 $2 (54... Bxf3 $19 55. Kh4 Kd4)
55. Kh4 $1 $11 {[%cal Rh4h5] The position is equal.} Bxf3 {[#] ( -> ...Bc6)}
56. Kg5 Bg4 57. Kxf4 {Weighted Error Value: White=0.14/Black=0.11} 1/2-1/2